[Event "IND-ch (Women) 46th"]
[Site "Managiri"]
[Date "2019.07.23"]
[Round "7"]
[White "Meenal, Gupta"]
[Black "Pandey, Srishti"]
[Result "1/2-1/2"]
[WhiteElo "2004"]
[BlackElo "1882"]
[PlyCount "84"]
[EventDate "2019.07.19"]
[EventType "swiss"]
[EventRounds "11"]
[EventCountry "IND"]
[SourceTitle "EXT 2020"]
[Source "ChessBase"]
[SourceDate "2019.10.17"]
[SourceVersion "1"]
[SourceVersionDate "2019.10.17"]
[SourceQuality "1"]

1. e4 e5 2. Nf3 Nc6 3. Bb5 a6 4. Ba4 Nf6 5. 0-0 b5 6. Bb3 Be7 7. Re1 d6 8. c3 0-0 9. h3 Bb7 10. d4 Re8 11. Nbd2 exd4 12. cxd4 Na5 13. Bc2 Nd7 14. Nf1 Bf6 15. Ng3 g6 16. Bf4 Nf8 17. b3 c5 18. Be3 Nd7 19. Rc1 Nc6 20. Bb1 Qe7 21. Qd2 Rac8 22. d5 Nce5 23. Nxe5 Bxe5 24. f4 Bg7 25. Re2 b4 26. Qe1 Nb6 27. Qf2 Bc3 28. Rd1 Nd7 29. Bd3 Qh4 30. Kh2 Nf6 31. Qf3 h5 32. Kg1 Nd7 33. Kh1 Qe7 34. Bd2 Bg7 35. Rde1 Qd8 36. Nf1 Nf6 37. Ne3 h4 38. Nf1 Rc7 39. Bc4 Rce7 40. Qd3 Kh7 41. Qf3 Kg8 42. Qd3 Kh7 1/2-1/2

[Event "IND-ch (Women) 46th"]
[Site "Managiri"]
[Date "2019.07.20"]
[Round "3"]
[White "Meenal, Gupta"]
[Black "Nandhidhaa, PV."]
[Result "0-1"]
[WhiteElo "2004"]
[BlackElo "2259"]
[PlyCount "66"]
[EventDate "2019.07.19"]
[EventType "swiss"]
[EventRounds "11"]
[EventCountry "IND"]
[SourceTitle "EXT 2020"]
[Source "ChessBase"]
[SourceDate "2019.10.17"]
[SourceVersion "1"]
[SourceVersionDate "2019.10.17"]
[SourceQuality "1"]

1. e4 c5 2. Nf3 e6 3. d4 cxd4 4. Nxd4 Nc6 5. Nxc6 bxc6 6. Bd3 Nf6 7. Nd2 d5 8. 0-0 Qc7 9. Qe2 Bd6 10. h3 0-0 11. b3 e5 12. a4 Qe7 13. Bb2 Re8 14. Rfd1 Bb7 15. a5 Rad8 16. a6 Bc8 17. Bc3 Bc7 18. Ba5 g6 19. Bxc7 Qxc7 20. Qf3 Nh5 21. Bf1 Nf4 22. g3 Ne6 23. Qe3 Nd4 24. Rdc1 Qe7 25. c4 dxe4 26. Nxe4 f5 27. Nd2 f4 28. gxf4 Nf5 29. Qc3 Qh4 30. Ne4 Rf8 31. fxe5 Qxe4 32. Bg2 Qf4 33. Bxc6 Nd4 0-1

[Event "Bangkok Cha Am op 19th"]
[Site "Bangkok"]
[Date "2019.04.09"]
[Round "4"]
[White "Meenal, Gupta"]
[Black "Teerapabpaisit, Wisuwat"]
[Result "1-0"]
[WhiteElo "1878"]
[BlackElo "2142"]
[PlyCount "63"]
[EventDate "2019.04.06"]
[EventType "swiss"]
[EventRounds "9"]
[EventCountry "THA"]
[SourceTitle "CBM 189 Extra"]
[Source "ChessBase"]
[SourceDate "2019.06.03"]
[SourceVersion "1"]
[SourceVersionDate "2019.06.03"]
[SourceQuality "1"]

1. e4 c5 2. Nf3 e6 3. d4 cxd4 4. Nxd4 a6 5. Bd3 Bc5 6. Nb3 Ba7 7. 0-0 Nc6 8. Qe2 d6 9. Rd1 Nf6 10. c4 Ne5 11. Be3 Bxe3 12. Qxe3 0-0 13. Nc3 Qc7 14. Rac1 Nfg4 15. Qf4 b6 16. Be2 Nf6 17. Qg3 Bb7 18. Rd4 Rfd8 19. Rcd1 Rd7 20. Na1 Rad8 21. b3 Ng6 22. Nc2 e5 23. R4d2 Bxe4 24. Nb4 Bb7 25. Bf3 e4 26. Bg4 Re7 27. Bf5 Qc5 28. Rxd6 Rxd6 29. Qxd6 Qxf5 30. Qxe7 h5 31. Qxb7 Nh4 32. Nbd5 1-0

[Event "Wch U16 Girls"]
[Site "Porto Carras"]
[Date "2018.10.29"]
[Round "10.17"]
[White "Miroshnik, Ekaterina"]
[Black "Meenal, Gupta"]
[Result "1-0"]
[WhiteElo "2023"]
[BlackElo "2065"]
[PlyCount "87"]
[EventDate "2018.10.20"]
[EventType "swiss"]
[EventRounds "11"]
[EventCountry "GRE"]
[SourceTitle "CBM 187 Extra"]
[Source "ChessBase"]
[SourceDate "2018.11.04"]
[SourceVersion "1"]
[SourceVersionDate "2018.11.04"]
[SourceQuality "1"]

1. d4 Nf6 2. c4 e6 3. Nf3 Bb4+ 4. Bd2 Qe7 5. a3 Bxd2+ 6. Qxd2 d6 7. e3 e5 8. Qc2 0-0 9. dxe5 dxe5 10. Nc3 c6 11. Bd3 Nbd7 12. Ng5 h6 13. Nh7 Nxh7 14. Bxh7+ Kh8 15. Bf5 Nb6 16. Bxc8 Raxc8 17. b3 a5 18. 0-0 Rcd8 19. Rfd1 Rxd1+ 20. Nxd1 e4 21. Nc3 f5 22. Ne2 Qc5 23. a4 Nd7 24. Rd1 Rf7 25. Qc3 Ne5 26. Nf4 Rd7 27. Rd4 Rd6 28. h3 Kh7 29. Rxd6 Qxd6 30. Qxa5 c5 31. Nd5 Nd3 32. Qc3 Kg6 33. g3 h5 34. h4 Kh7 35. Kf1 f4 36. exf4 Qe6 37. Ne3 Qh3+ 38. Kg1 b6 39. Qc2 Kh6 40. Qd1 g6 41. Qa1 Kh7 42. Qf6 Ne1 43. Qe7+ Kh6 44. Qxe4 1-0

[Event "Wch U16 Girls"]
[Site "Porto Carras"]
[Date "2018.10.28"]
[Round "9.11"]
[White "Meenal, Gupta"]
[Black "Bach, Ngoc Thuy Duong"]
[Result "0-1"]
[WhiteElo "2065"]
[BlackElo "2161"]
[PlyCount "112"]
[EventDate "2018.10.20"]
[EventType "swiss"]
[EventRounds "11"]
[EventCountry "GRE"]
[SourceTitle "CBM 187 Extra"]
[Source "ChessBase"]
[SourceDate "2018.11.04"]
[SourceVersion "1"]
[SourceVersionDate "2018.11.04"]
[SourceQuality "1"]

1. e4 c5 2. Nf3 d6 3. d4 cxd4 4. Nxd4 Nf6 5. Nc3 a6 6. Be3 e5 7. Nb3 Be6 8. f3 Be7 9. Qd2 0-0 10. 0-0-0 Nbd7 11. g4 b5 12. g5 b4 13. Ne2 Ne8 14. f4 a5 15. Kb1 a4 16. Nbc1 Qa5 17. f5 Bc4 18. Ng3 Bxf1 19. Rhxf1 Bd8 20. f6 g6 21. h4 Bb6 22. Bxb6 Nxb6 23. h5 Nc4 24. Qd3 Qc5 25. Rf3 Nc7 26. hxg6 fxg6 27. Rh1 Qd4 28. Qxd4 exd4 29. Rd3 Ne6 30. Nce2 Ne5 31. Rdd1 Nf3 32. Rhf1 Nexg5 33. Nxd4 Rxf6 34. Nxf3 Nxf3 35. Nf5 gxf5 36. Rxf3 Raf8 37. Rdf1 f4 38. Kc1 h5 39. Kd2 Kg7 40. Kd3 Kg6 41. Rg1+ Kh6 42. Kc4 Rc8+ 43. Kxb4 Rxc2 44. b3 axb3 45. axb3 Re2 46. Ka5 Rxe4 47. b4 Rf5+ 48. b5 Ree5 49. Rb1 Kg5 50. Rg1+ Kf6 51. Rb1 Re3 52. Rxe3 fxe3 53. Re1 Re5 54. Kb4 Kf5 55. b6 Ke4 56. b7 Re8 0-1

[Event "Wch U16 Girls"]
[Site "Porto Carras"]
[Date "2018.10.24"]
[Round "6"]
[White "Meenal, Gupta"]
[Black "Djidjeli, Sarah"]
[Result "1-0"]
[WhiteElo "2065"]
[BlackElo "1952"]
[PlyCount "83"]
[EventDate "2018.10.20"]
[EventType "swiss"]
[EventRounds "11"]
[EventCountry "GRE"]
[SourceTitle "CBM 187 Extra"]
[Source "ChessBase"]
[SourceDate "2018.11.04"]
[SourceVersion "1"]
[SourceVersionDate "2018.11.04"]
[SourceQuality "1"]

1. e4 c5 2. Nf3 Nc6 3. Bb5 g6 4. Bxc6 dxc6 5. 0-0 Bg7 6. d3 b6 7. Nc3 e5 8. h3 Ne7 9. Be3 h6 10. Ne1 g5 11. a4 a5 12. Nb1 Ng6 13. c3 h5 14. Kh2 g4 15. Nd2 Nf4 16. Nc4 Be6 17. b3 Rb8 18. d4 cxd4 19. cxd4 Ng6 20. d5 cxd5 21. exd5 Qxd5 22. Qe2 Qc6 23. Rc1 Bxc4 24. Rxc4 Qe6 25. Bc1 Kf8 26. Nd3 Kg8 27. Bb2 gxh3 28. gxh3 Qd6 29. Kh1 Rd8 30. Ne1 Qd5+ 31. f3 Nf4 32. Rxf4 exf4 33. Rg1 Rh7 34. Bf6 Qd2 35. Qe5 Qd7 36. Kh2 Qe6 37. Qb2 Re8 38. Rg2 Kf8 39. Bxg7+ Ke7 40. Re2 Kd7 41. Rxe6 Rxe6 42. Be5 1-0

[Event "Wch U16 Girls"]
[Site "Porto Carras"]
[Date "2018.10.23"]
[Round "5"]
[White "Serikbay, Assel"]
[Black "Meenal, Gupta"]
[Result "1-0"]
[WhiteElo "2166"]
[BlackElo "2065"]
[PlyCount "89"]
[EventDate "2018.10.20"]
[EventType "swiss"]
[EventRounds "11"]
[EventCountry "GRE"]
[SourceTitle "CBM 187 Extra"]
[Source "ChessBase"]
[SourceDate "2018.11.04"]
[SourceVersion "1"]
[SourceVersionDate "2018.11.04"]
[SourceQuality "1"]

1. d4 Nf6 2. c4 e6 3. g3 c5 4. d5 exd5 5. cxd5 d6 6. Nc3 g6 7. Bg2 Bg7 8. Nf3 0-0 9. 0-0 Re8 10. Bf4 a6 11. a4 Nh5 12. Bd2 Nd7 13. Qc1 Rb8 14. a5 b5 15. axb6 Nxb6 16. Bg5 f6 17. Bh6 Bxh6 18. Qxh6 Nc4 19. Qc1 Qb6 20. b3 Ne5 21. Nd2 f5 22. Nc4 Nxc4 23. bxc4 Bd7 24. Ra2 a5 25. Qa1 Qa6 26. Rxa5 Qxc4 27. Ra6 Rb3 28. Rc1 Qb4 29. Bf3 c4 30. Bxh5 gxh5 31. Ra7 Re7 32. e4 f4 33. Ne2 Qd2 34. Qf6 fxg3 35. hxg3 Qxe2 36. Qg5+ Kf7 37. Qf4+ Kg7 38. Qg5+ Kf7 39. Qf4+ Kg7 40. Qxd6 Qxe4 41. Rxd7 Rxd7 42. Qxd7+ Kf6 43. Qc6+ Ke5 44. Qe6+ Kd4 45. Rxc4+ 1-0

[Event "Wch U16 Girls"]
[Site "Porto Carras"]
[Date "2018.10.21"]
[Round "3"]
[White "Zhang, Cindy"]
[Black "Meenal, Gupta"]
[Result "0-1"]
[WhiteElo "1790"]
[BlackElo "2065"]
[PlyCount "90"]
[EventDate "2018.10.20"]
[EventType "swiss"]
[EventRounds "11"]
[EventCountry "GRE"]
[SourceTitle "CBM 187 Extra"]
[Source "ChessBase"]
[SourceDate "2018.11.04"]
[SourceVersion "1"]
[SourceVersionDate "2018.11.04"]
[SourceQuality "1"]

1. d4 Nf6 2. Bf4 e6 3. e3 c5 4. Nd2 b6 5. Ngf3 Bb7 6. Nc4 d5 7. Nce5 Nbd7 8. c3 a6 9. Bd3 Be7 10. h3 Nxe5 11. Nxe5 Nd7 12. 0-0 0-0 13. Qh5 f5 14. Rfd1 c4 15. Bc2 b5 16. Nxd7 Qxd7 17. f3 a5 18. Be5 Bc6 19. e4 Qc8 20. exf5 exf5 21. f4 Rf7 22. Re1 Bf8 23. Re3 Ra6 24. Rae1 Bd7 25. Qf3 Qb7 26. b3 Rb6 27. Bd1 Bc6 28. Qf2 b4 29. bxc4 dxc4 30. Be2 Bd5 31. Qf1 Qc6 32. Bh5 g6 33. Bf3 Rd7 34. h4 h5 35. Bd1 bxc3 36. Rg3 Kh7 37. Bxh5 gxh5 38. Rg5 Rb2 39. Rxh5+ Bh6 40. Re2 Bxg2 41. Qf2 Rxe2 42. Qxe2 Bf3 43. Rxh6+ Kxh6 44. Qc2 Qg6+ 45. Kf1 Qg2+ 0-1

[Event "Wch U16 Girls"]
[Site "Porto Carras"]
[Date "2018.10.20"]
[Round "1"]
[White "Golsta, Ramona"]
[Black "Meenal, Gupta"]
[Result "1-0"]
[WhiteElo "1681"]
[BlackElo "2065"]
[PlyCount "73"]
[EventDate "2018.10.20"]
[EventType "swiss"]
[EventRounds "11"]
[EventCountry "GRE"]
[SourceTitle "CBM 187 Extra"]
[Source "ChessBase"]
[SourceDate "2018.11.04"]
[SourceVersion "1"]
[SourceVersionDate "2018.11.04"]
[SourceQuality "1"]

1. d4 Nf6 2. Nf3 e6 3. Bg5 d5 4. e3 Be7 5. Bd3 Nbd7 6. 0-0 0-0 7. Nbd2 h6 8. Bh4 c5 9. c3 a6 10. Rc1 Ra7 11. Bb1 b5 12. Ne5 Bb7 13. Qc2 g5 14. Bg3 Nb6 15. Ng4 Nbd7 16. Be5 Ne4 17. f3 h5 18. fxe4 hxg4 19. exd5 f5 20. dxe6 Nxe5 21. dxe5 Qd5 22. e4 Qxe5 23. exf5 Bd6 24. g3 Qe3+ 25. Rf2 Rf6 26. Qd3 Qe5 27. Ne4 Bxe4 28. Qxe4 Qxe4 29. Bxe4 c4 30. Rd2 Bc5+ 31. Kg2 Be3 32. Rd8+ Kg7 33. Rcd1 Re7 34. Ra8 Ba7 35. Rdd8 Rh6 36. Rd7 Bc5 37. Rc8 1-0

[Event "Wch U20 Girls 36th"]
[Site "Manavgat"]
[Date "2018.09.12"]
[Round "8"]
[White "Meenal, Gupta"]
[Black "Hilario Huaranca, Aleyla Karen"]
[Result "1-0"]
[WhiteElo "1963"]
[BlackElo "2203"]
[PlyCount "59"]
[EventDate "2018.09.05"]
[EventType "swiss"]
[EventRounds "11"]
[EventCountry "TUR"]
[SourceTitle "CBM 186 Extra"]
[Source "ChessBase"]
[SourceDate "2018.08.24"]
[SourceVersion "1"]
[SourceVersionDate "2018.08.24"]
[SourceQuality "1"]

1. e4 e5 2. Nf3 Nc6 3. Bb5 a6 4. Ba4 Nf6 5. 0-0 Be7 6. Re1 b5 7. Bb3 0-0 8. h3 d6 9. c3 Na5 10. Bc2 c5 11. d4 Nd7 12. a4 Rb8 13. Nbd2 exd4 14. cxd4 Nc6 15. axb5 axb5 16. Nf1 Bf6 17. Be3 Qb6 18. e5 dxe5 19. dxc5 Nxc5 20. Bxh7+ Kh8 21. Nxe5 Kxh7 22. Qc2+ Kg8 23. Bxc5 Qb7 24. Bxf8 Nxe5 25. f4 Nf3+ 26. gxf3 Bd4+ 27. Kg2 Bxh3+ 28. Kxh3 Qxf3+ 29. Ng3 Rb6 30. Bd6 1-0

[Event "Wch U20 Girls 36th"]
[Site "Manavgat"]
[Date "2018.09.11"]
[Round "7"]
[White "Sliwicka, Alicja"]
[Black "Meenal, Gupta"]
[Result "1-0"]
[WhiteElo "2272"]
[BlackElo "1963"]
[PlyCount "112"]
[EventDate "2018.09.05"]
[EventType "swiss"]
[EventRounds "11"]
[EventCountry "TUR"]
[SourceTitle "CBM 186 Extra"]
[Source "ChessBase"]
[SourceDate "2018.08.24"]
[SourceVersion "1"]
[SourceVersionDate "2018.08.24"]
[SourceQuality "1"]

1. e4 c5 2. Nf3 d6 3. d4 cxd4 4. Nxd4 Nf6 5. Nc3 a6 6. Bg5 e6 7. Qd3 Be7 8. 0-0-0 Nbd7 9. f4 Qc7 10. Be2 b5 11. Bf3 Bb7 12. Bxf6 gxf6 13. a3 0-0-0 14. Kb1 Kb8 15. Bh5 Rhf8 16. Qh3 Rc8 17. Rhe1 Nb6 18. Rd3 d5 19. exd5 Bxd5 20. Bf3 Rfd8 21. Red1 Bxf3 22. Qxf3 Nd5 23. f5 Qb6 24. Nxd5 Rxd5 25. fxe6 fxe6 26. Qe4 Rc4 27. Qxe6 Qxe6 28. Nxe6 Rxd3 29. Rxd3 Re4 30. Nd4 Re1+ 31. Ka2 Bc5 32. Nf3 Re2 33. Rd2 Re6 34. Kb3 Kc7 35. c3 Re4 36. Kc2 Kc6 37. Nd4+ Bxd4 38. Rxd4 Re2+ 39. Rd2 Re6 40. Rf2 Kd6 41. Kd3 Kd5 42. b3 Rd6 43. Rf4 Ke5+ 44. Rd4 Rc6 45. c4 bxc4+ 46. Rxc4 Rd6+ 47. Ke3 Rd1 48. Ra4 Re1+ 49. Kf3 Rf1+ 50. Kg3 Rb1 51. b4 Rb3+ 52. Kh4 Rb2 53. Kh3 Rb3+ 54. g3 f5 55. Kh4 Rb2 56. h3 Kd5 1-0

[Event "Wch U20 Girls 36th"]
[Site "Manavgat"]
[Date "2018.09.07"]
[Round "3"]
[White "Incecik, Seyma Zeynep"]
[Black "Meenal, Gupta"]
[Result "0-1"]
[WhiteElo "1716"]
[BlackElo "1963"]
[PlyCount "146"]
[EventDate "2018.09.05"]
[EventType "swiss"]
[EventRounds "11"]
[EventCountry "TUR"]
[SourceTitle "CBM 186 Extra"]
[Source "ChessBase"]
[SourceDate "2018.08.24"]
[SourceVersion "1"]
[SourceVersionDate "2018.08.24"]
[SourceQuality "1"]

1. b3 c5 2. Bb2 b6 3. Nf3 Bb7 4. e3 e6 5. Be2 Nf6 6. 0-0 Be7 7. c4 0-0 8. d4 cxd4 9. Nxd4 a6 10. Nc3 d6 11. Bf3 Qc7 12. Bxb7 Qxb7 13. Qf3 Qxf3 14. Nxf3 Nbd7 15. Ba3 Rfc8 16. Rac1 Rab8 17. Rfd1 Nc5 18. Nd4 Kf8 19. Kf1 Ng4 20. h3 Nf6 21. Ke2 Nfe4 22. Nxe4 Nxe4 23. Kf1 Ke8 24. Ne2 Rb7 25. Nf4 Rbc7 26. Nd3 b5 27. cxb5 axb5 28. Bb2 f6 29. Rxc7 Rxc7 30. Rc1 Ra7 31. Ra1 d5 32. Ke2 b4 33. f3 Ng5 34. Bd4 Ra5 35. Bb6 Rb5 36. Bd4 e5 37. Bb2 Ne6 38. Rd1 g5 39. Rd2 h5 40. g4 h4 41. Ne1 Ra5 42. Ba1 Nc5 43. Ng2 Kf7 44. f4 Ke6 45. f5+ Kf7 46. Rc2 Nxb3 47. axb3 Rxa1 48. Rd2 Rb1 49. Rxd5 Rxb3 50. Rd3 Ra3 51. Rxa3 bxa3 52. Ne1 a2 53. Nc2 Ba3 54. Kd3 Bb2 55. Kc4 a1Q 56. Nxa1 Bxa1 57. Kb3 Ke7 58. Kc4 Kd6 59. e4 Kc6 60. Kd3 Kc5 61. Ke3 Kc4 62. Kf3 Kd3 63. Kg2 Kxe4 64. Kf2 Kd3 65. Kf3 e4+ 66. Kf2 e3+ 67. Kf1 e2+ 68. Kg2 e1Q 69. Kh2 Be5+ 70. Kg2 Qe2+ 71. Kg1 Bd4+ 72. Kh1 Qf1+ 73. Kh2 Be5# 0-1

[Event "Commonwealth-ch U16 Girls"]
[Site "New Delhi"]
[Date "2018.07.03"]
[Round "7"]
[White "Meenal, Gupta"]
[Black "Nanditha, V."]
[Result "1-0"]
[WhiteElo "1934"]
[BlackElo "1727"]
[PlyCount "79"]
[EventDate "2018.06.26"]
[EventType "swiss"]
[EventRounds "7"]
[EventCountry "IND"]
[SourceTitle "EXT 2019"]
[Source "ChessBase"]
[SourceDate "2018.10.10"]
[SourceVersion "1"]
[SourceVersionDate "2018.10.10"]
[SourceQuality "1"]

1. e4 c6 2. d4 d5 3. exd5 cxd5 4. c4 Nf6 5. Nc3 Nc6 6. Bg5 e6 7. Nf3 Be7 8. c5 0-0 9. Bb5 Bd7 10. 0-0 Ne4 11. Bxe7 Nxe7 12. Bxd7 Qxd7 13. Ne5 Qd8 14. Qd3 Nf6 15. b4 Ne8 16. a4 f6 17. Nf3 g5 18. Rfe1 Ng6 19. g3 Qd7 20. b5 g4 21. Nd2 f5 22. Nb3 f4 23. c6 Qg7 24. cxb7 Rb8 25. Nc5 Nc7 26. Nxe6 Nxe6 27. Rxe6 Qxb7 28. Rae1 Rbd8 29. Na2 Qf7 30. Qe2 f3 31. Qe3 Qf5 32. Nb4 Qh5 33. Qd3 Rd7 34. Nc6 Rg7 35. Re8 Nf4 36. Rxf8+ Kxf8 37. gxf4 g3 38. hxg3 Qg4 39. Qa3+ Kg8 40. Re8+ 1-0

[Event "Commonwealth-ch U16 Girls"]
[Site "New Delhi"]
[Date "2018.06.29"]
[Round "4"]
[White "Meenal, Gupta"]
[Black "Lakshmi, Chidambaram"]
[Result "0-1"]
[WhiteElo "1934"]
[BlackElo "1954"]
[PlyCount "34"]
[EventDate "2018.06.26"]
[EventType "swiss"]
[EventRounds "7"]
[EventCountry "IND"]
[SourceTitle "EXT 2019"]
[Source "ChessBase"]
[SourceDate "2018.10.10"]
[SourceVersion "1"]
[SourceVersionDate "2018.10.10"]
[SourceQuality "1"]

1. e4 e5 2. Nf3 Nc6 3. Bb5 a6 4. Ba4 Nf6 5. 0-0 Be7 6. Re1 b5 7. Bb3 0-0 8. c3 d5 9. exd5 Nxd5 10. Nxe5 Nxe5 11. Rxe5 c6 12. d4 Bd6 13. Re1 Qh4 14. g3 Qh3 15. Qf3 Bg4 16. Qe4 Rae8 17. Qxe8 Bf3 0-1

[Event "Bangkok Cha Am op 18th"]
[Site "Bangkog"]
[Date "2018.04.16"]
[Round "4"]
[White "Chitlange, Sakshi"]
[Black "Meenal, Gupta"]
[Result "1-0"]
[WhiteElo "2122"]
[BlackElo "1871"]
[PlyCount "69"]
[EventDate "2018.04.13"]
[EventType "swiss"]
[EventRounds "9"]
[EventCountry "THA"]
[SourceTitle "CBM 184 Extra"]
[Source "ChessBase"]
[SourceDate "2018.06.28"]
[SourceVersion "1"]
[SourceVersionDate "2018.06.28"]
[SourceQuality "1"]

1. d4 Nf6 2. c4 e6 3. g3 c5 4. d5 exd5 5. cxd5 d6 6. Bg2 g6 7. Nc3 Bg7 8. Nf3 0-0 9. 0-0 Re8 10. Bf4 a6 11. a4 Qc7 12. Rc1 Nbd7 13. b4 b6 14. Re1 Ne4 15. Nxe4 Rxe4 16. Nd2 Re8 17. Ne4 Be5 18. a5 Bxf4 19. gxf4 Rb8 20. axb6 Rxb6 21. bxc5 dxc5 22. Qd2 Bb7 23. Red1 Rd8 24. e3 h6 25. Qa5 Rc8 26. d6 Qd8 27. Nxc5 Nxc5 28. Rxc5 Rxc5 29. Qxc5 Bxg2 30. Kxg2 Qd7 31. h3 Rc6 32. Qd5 a5 33. Kg3 a4 34. Qxc6 Qxc6 35. d7 1-0

[Event "Wch U16 Girls"]
[Site "Montevideo"]
[Date "2017.09.24"]
[Round "9"]
[White "Erseki, Tamara"]
[Black "Meenal, Gupta"]
[Result "1/2-1/2"]
[WhiteElo "2050"]
[BlackElo "2056"]
[PlyCount "92"]
[EventDate "2017.09.17"]
[EventType "swiss"]
[EventRounds "11"]
[EventCountry "URU"]
[SourceTitle "CBM 180 Extra"]
[Source "ChessBase"]
[SourceDate "2017.10.06"]
[SourceVersion "1"]
[SourceVersionDate "2017.10.06"]
[SourceQuality "1"]

1. e4 c5 2. Nf3 d6 3. d4 cxd4 4. Nxd4 Nf6 5. Nc3 a6 6. Bc4 e6 7. Bb3 Nbd7 8. Bg5 Nc5 9. 0-0 Be7 10. Re1 0-0 11. f4 Bd7 12. Qf3 Rc8 13. Kh1 b5 14. e5 dxe5 15. fxe5 Nd5 16. Bxe7 Nxe7 17. Ne4 Nxe4 18. Qxe4 Rc5 19. Rad1 Qc7 20. Qe3 Bc8 21. Nf3 Ng6 22. Qd4 Bb7 23. Qd6 Qxd6 24. exd6 Rd8 25. Rd4 Kf8 26. a4 e5 27. Rdd1 e4 28. Ng1 Nh4 29. Rf1 Nf5 30. axb5 axb5 31. c3 f6 32. Rd2 Re5 33. Nh3 e3 34. Re2 Rxd6 35. Nf4 Ke7 36. Ra1 Rd8 37. Bc2 Rd2 38. Rae1 Be4 39. Bb3 g5 40. Ne6 Kd7 41. Rxd2+ exd2 42. Rxe4 d1Q+ 43. Bxd1 Rxe6 44. Bc2 h5 45. Kg1 Rxe4 46. Bxe4 Nd6 1/2-1/2

[Event "Wch U16 Girls"]
[Site "Montevideo"]
[Date "2017.09.22"]
[Round "7"]
[White "Liu, Kimberly"]
[Black "Meenal, Gupta"]
[Result "1/2-1/2"]
[WhiteElo "1795"]
[BlackElo "2056"]
[PlyCount "50"]
[EventDate "2017.09.17"]
[EventType "swiss"]
[EventRounds "11"]
[EventCountry "URU"]
[SourceTitle "CBM 180 Extra"]
[Source "ChessBase"]
[SourceDate "2017.10.06"]
[SourceVersion "1"]
[SourceVersionDate "2017.10.06"]
[SourceQuality "1"]

1. e4 c5 2. Nc3 e6 3. f4 Nc6 4. Nf3 a6 5. d3 d5 6. g3 g6 7. Bg2 Bg7 8. 0-0 Nge7 9. Qe1 0-0 10. g4 dxe4 11. dxe4 f5 12. gxf5 exf5 13. e5 h6 14. Be3 b6 15. Rd1 Qc7 16. Qg3 Be6 17. Rd6 Bf7 18. Rfd1 Rad8 19. h4 Kh7 20. Ne1 Nb8 21. Qf3 Nc8 22. Rxd8 Rxd8 23. Rxd8 Qxd8 24. Qb7 Ne7 25. Nd3 Bc4 1/2-1/2

[Event "Wch U16 Girls"]
[Site "Montevideo"]
[Date "2017.09.18"]
[Round "2"]
[White "Meenal, Gupta"]
[Black "Chin, Angelica"]
[Result "1/2-1/2"]
[WhiteElo "2056"]
[BlackElo "1781"]
[PlyCount "111"]
[EventDate "2017.09.17"]
[EventType "swiss"]
[EventRounds "11"]
[EventCountry "URU"]
[SourceTitle "CBM 180 Extra"]
[Source "ChessBase"]
[SourceDate "2017.10.06"]
[SourceVersion "1"]
[SourceVersionDate "2017.10.06"]
[SourceQuality "1"]

1. e4 c5 2. Nf3 Nc6 3. d4 cxd4 4. Nxd4 g6 5. c4 Nf6 6. Nc3 Nxd4 7. Qxd4 d6 8. Be3 Bg7 9. f3 0-0 10. Qd2 Be6 11. Rc1 a5 12. Be2 a4 13. 0-0 Qa5 14. Rfd1 Rfc8 15. Nb5 Nd7 16. Nd4 Nc5 17. Nxe6 Nxe6 18. Rc2 Qxd2 19. Rcxd2 Nc5 20. Kf2 Be5 21. h4 f5 22. exf5 gxf5 23. Bd4 Bf4 24. Be3 Be5 25. Bd4 Bxd4+ 26. Rxd4 Ne6 27. Rd5 f4 28. Re1 Rc5 29. Bd3 Rxd5 30. cxd5 Nc5 31. Bb1 Kf7 32. Rd1 Kf6 33. h5 h6 34. Rc1 Rg8 35. b4 axb3 36. axb3 e5 37. dxe6 Nxe6 38. Rd1 Ke7 39. Be4 Nc5 40. b4 Nxe4+ 41. fxe4 Rg5 42. Kf3 Rxh5 43. Kxf4 Ke6 44. g4 Rb5 45. Rh1 Rxb4 46. Rxh6+ Ke7 47. Rh7+ Ke6 48. Rh6+ Ke7 49. Kf5 Rb5+ 50. Kg6 Re5 51. Rh7+ Ke6 52. Rxb7 Rxe4 53. g5 d5 54. Kg7 Kf5 55. Rb5 Kxg5 56. Rxd5+ 1/2-1/2

[Event "Wch U16 Girls"]
[Site "Montevideo"]
[Date "2017.09.17"]
[Round "1"]
[White "Nayberg, Simona"]
[Black "Meenal, Gupta"]
[Result "0-1"]
[WhiteElo "1749"]
[BlackElo "2056"]
[PlyCount "126"]
[EventDate "2017.09.17"]
[EventType "swiss"]
[EventRounds "11"]
[EventCountry "URU"]
[SourceTitle "CBM 180 Extra"]
[Source "ChessBase"]
[SourceDate "2017.10.06"]
[SourceVersion "1"]
[SourceVersionDate "2017.10.06"]
[SourceQuality "1"]

1. e4 c5 2. c3 d5 3. exd5 Qxd5 4. d4 Nc6 5. Nf3 e6 6. Be2 Nf6 7. 0-0 Be7 8. Be3 cxd4 9. cxd4 0-0 10. Nc3 Qd6 11. Qd2 a6 12. Rac1 Nb4 13. Bf4 Qd8 14. Ne5 Nbd5 15. Bg3 Bd7 16. Bf3 Rc8 17. Rfd1 Re8 18. Qe2 Bb4 19. Ne4 Ba4 20. Rxc8 Qxc8 21. Ra1 Nxe4 22. Bxe4 Nf6 23. Bd3 Rd8 24. Qe3 Nd5 25. Qf3 Be8 26. Be4 Be7 27. Qb3 Bf6 28. Rd1 h5 29. Nc4 Bb5 30. Nd6 Qc6 31. Nxb5 Qxb5 32. Qxb5 axb5 33. h3 g6 34. Kf1 b4 35. h4 Ra8 36. Bxd5 exd5 37. Rc1 Rxa2 38. Rc8+ Kg7 39. Rc5 Bxd4 40. Rxd5 Bxb2 41. Rb5 Bc3 42. Rxb7 Rb2 43. Rc7 Bf6 44. Rb7 b3 45. Bd6 Rb1+ 46. Ke2 b2 47. Ba3 Ra1 48. Bxb2 Ra2 49. Kf3 Rxb2 50. Rd7 Bxh4 51. g3 Bg5 52. Rd5 Kh6 53. Rd7 f5 54. Rd4 f4 55. Re4 Rb3+ 56. Kg2 f3+ 57. Kg1 Rb1+ 58. Kh2 Rf1 59. g4 Rxf2+ 60. Kg3 Re2 61. Rc4 f2 62. Kg2 Be3 63. gxh5 Re1 0-1

[Event "Barcelona Sant Marti op-A 19th"]
[Site "Barcelona"]
[Date "2017.07.13"]
[Round "1"]
[White "Mendonca, Leon Luke"]
[Black "Meenal, Gupta"]
[Result "1-0"]
[WhiteElo "2222"]
[BlackElo "1915"]
[PlyCount "115"]
[EventDate "2017.07.13"]
[EventType "swiss"]
[EventRounds "9"]
[EventCountry "ESP"]
[SourceTitle "EXT 2018"]
[Source "ChessBase"]
[SourceDate "2017.10.13"]
[SourceVersion "1"]
[SourceVersionDate "2017.10.13"]
[SourceQuality "1"]

1. d4 Nf6 2. c4 e6 3. Nc3 Bb4 4. e3 0-0 5. Nge2 d5 6. a3 Be7 7. cxd5 exd5 8. Ng3 Re8 9. Bd3 c6 10. 0-0 Na6 11. Qc2 Nc7 12. Bd2 b6 13. e4 dxe4 14. Ncxe4 Bb7 15. Nxf6+ Bxf6 16. Bxh7+ Kh8 17. Qf5 Qxd4 18. Bc3 Qh4 19. Bxf6 Qxh7 20. Qd7 Ba6 21. Rfe1 Rac8 22. Be5 Nd5 23. Qxf7 Re7 24. Qf3 Rce8 25. Bc3 Qd3 26. Qxd3 Bxd3 27. Rxe7 Rxe7 28. Re1 Rxe1+ 29. Bxe1 Kg8 30. f3 a5 31. Kf2 Kf7 32. Ne4 a4 33. Nc3 Nxc3 34. Bxc3 b5 35. Ke3 Bf1 36. g4 Bh3 37. Kf4 Kg6 38. Kg3 Bf1 39. h4 Be2 40. h5+ Kh7 41. Bd4 Kh6 42. f4 Bd1 43. Kh4 Kh7 44. f5 Be2 45. f6 gxf6 46. Bxf6 Kg8 47. g5 Kf7 48. Bc3 Bd3 49. g6+ Bxg6 50. hxg6+ Kxg6 51. Kg4 c5 52. Kf4 b4 53. axb4 cxb4 54. Bxb4 Kf6 55. Ke4 Ke6 56. Kd4 Kd7 57. Kc4 Kc6 58. Ba3 1-0